LEADER 00875nam0-22002891i-450- 001 990000133800403321 035 $a000013380 035 $aFED01000013380 035 $a(Aleph)000013380FED01 035 $a000013380 100 $a20011111d--------km-y0itay50------ba 101 0 $aita 105 $ay-------001yy 200 1 $aTHERMOPHYSICAL properties of high temperature solid materials$feditor Y. S. Touloukian. 210 $aNew York$cMacMillan company$dcopyr. 1967 215 $a9 v.$d28 cm 610 0 $aMateriali$aPropietà termiche 676 $a666 702 1$aTouloukian,$bYeram S. 801 0$aIT$bUNINA$gRICA$2UNIMARC 901 $aBK 912 $a990000133800403321 952 $a13 SC V D 01-09$b26492-26492/8$fFINBC 959 $aFINBC 996 $aTHERMOPHYSICAL properties of high temperature solid materials$9113768 997 $aUNINA DB $aING01 LEADER 01161nam0-2200373---450 001 990005344440403321 005 20230921112203.0 035 $a000534444 035 $aFED01000534444 035 $a(Aleph)000534444FED01 100 $a19990604d1947----km-y0itay50------ba 101 0 $aita 102 $aIT 105 $ay-------001yy 200 1 $aPer la storia dei municipii fino alla guerra sociale$fEugenio Manni 210 $aRoma$cSignorelli$d1947 215 $aVIII, 260 p.$d26 cm 225 1 $aStudi pubblicati dall'Istituto italiano per la storia antica$v5 610 0 $aMunicipi romani 610 0 $aGuerra sociale <91-88 a. C.> 676 $a937.02 676 $a352.0937$v23$zita 700 1$aManni,$bEugenio$0183170 801 0$aIT$bUNINA$gREICAT$2UNIMARC 901 $aBK 912 $a990005344440403321 952 $aFONDO PROFESSOR ANTONIO GUARINO IV H 34$bG/1133$fFGBC 952 $a352.09 MAN 1$bANT. GR. 753$fFLFBC 952 $a937.02 MAN 1$bARCH. 13236$fFLFBC 952 $aIV H 55$b38878$fFGBC 959 $aFGBC 959 $aFLFBC 996 $aPer la storia dei municipii fino alla guerra sociale$9284291 997 $aUNINA